000 00488nam a22002057a 4500
001 21530
005 20260311110311.0
008 260311b |||||||| |||| 00| 0 spa d
041 _aESP
082 _a792.028
_bA45
100 _aAlonso de Santos, José Luis
245 _aManual de teoría y práctica teatral
260 _a :
_b ,
_c2012
300 _a000 páginas :
_b ;
_c00 cm.
440 _a ;
650 _aGEN
654 _aCHU
700 _a;
942 _cLIB
_dJUS
_fJUS
_2ddc
999 _c21530
_d21530